[Event "2016 PHCC Championships"]
[Site "Port Huron"]
[Date "2016.03.10"]
[Round "9"]
[White "West, Tony"]
[Black "Boucher, David"]
[Result "1-0"]
[WhiteElo "1934"]
[BlackElo "1306"]
[Annotator "Gregg,Alan"]
[PlyCount "41"]
[EventDate "2016.03.10"]
[EventType "tourn"]
[EventRounds "9"]

1. d4 e6 2. c4 f5 3. Nf3 d6 4. g3 Nf6 5. Bg2 Be7 6. O-O O-O 7. Nc3 a5 8. Qc2 Qe8 ({Relevant:} 8... Nc6 9. Rd1 Qe8 10. a3 e5 11. dxe5 dxe5 12. Nd5 Bd8 13. Bg5 Qf7 14. Be3 e4 15. Ng5 Qg6 16. Nh3 Ng4 17. Bc5 Re8 18. f3 b6 19. Bxb6 cxb6 20. Nhf4 Qh6 21. fxg4 g5 22. Nh3 fxg4 23. Nf2 Qg7 24. Bxe4 Nd4 25. Qd3 Ne6 26. Bg2 Ra7 27. e3 Rf8 28. Ne4 Ba6 29. b4 axb4 30. axb4 Kh8 31. Qc3 Qxc3 32. Ndxc3 Rff7 33. b5 Bc8 34. Nd6 Rxa1 35. Nxf7+ Kg7 36. Rxa1 Kxf7 {1-0 (36) Lupulescu,C (2660)-Rahman,Z (2513) Dubai 2014}) 9. e4 fxe4 10. Nxe4 Nc6 11. Nfg5 Qg6 $146 ({Predecessor:} 11... Qh5 12. Qd3 Nb4 13. Qb1 e5 14. Nxf6+ gxf6 15. a3 Nc6 16. Bf3 Qg6 17. Bd5+ Kg7 18. Nf3 Qh5 19. Be3 Bg4 20. Nd2 exd4 21. Bf4 f5 22. Re1 Bf6 23. Qd3 Ne7 24. Bg2 Ng6 25. Nb3 Ne5 26. Bxe5 dxe5 27. f3 Bh3 28. Nc5 Rfe8 29. Re2 b6 30. Nd7 Bxg2 31. Kxg2 Rad8 32. Nxf6 Kxf6 33. Ree1 c5 34. h3 Qg6 35. g4 fxg4 36. Qxg6+ hxg6 37. hxg4 d3 38. Re4 Rd4 39. Rae1 Rxe4 40. fxe4 Rd8 {0-1 (40) Zawisz,K-Braczko,M Poland 1962}) 12. Rd1 e5 13. Nxf6+ {Diagram } Rxf6 (13... gxf6 $11 14. Bd5+ Kg7 15. Qxg6+ hxg6 16. Nf3 Nb4) 14. Bd5+ Kh8 15. Qxg6 hxg6 16. dxe5 Nxe5 17. f4 Ng4 18. Re1 Bf8 19. Re8 c6 20. Bf7 Rxf7 21. Nxf7+ 1-0

[Event "2016 PHCC Championships"]
[Site "Port Huron"]
[Date "2016.03.10"]
[Round "6"]
[White "Morabito, Matthew"]
[Black "Jones, G. Avery"]
[Result "0-1"]
[WhiteElo "1859"]
[BlackElo "1566"]
[Annotator "Gregg, Alan"]
[PlyCount "86"]
[EventDate "2016.03.10"]
[EventType "tourn"]
[EventRounds "9"]

{After leading throughout the championship, Matt needed only a draw to become sole winner sadly found a way to lose!} 1. Nf3 d5 2. g3 g6 3. Bg2 Bg7 4. c4 c6 5. O-O Nf6 6. cxd5 cxd5 7. d3 O-O 8. Nc3 Nc6 9. Re1 ({Relevant:} 9. Bf4 d4 10. Nb5 Nd5 11. Bd2 Qb6 12. Qb3 Rd8 13. Ng5 e6 14. Ne4 a6 15. Nbd6 Qxb3 16. axb3 Bf8 17. Nxc8 Raxc8 18. Rfc1 Na7 19. Bg5 Be7 20. Bxe7 Nxe7 21. Nc5 b6 22. Nxa6 Rxc1+ 23. Rxc1 Rc8 24. Rc4 e5 25. Bb7 b5 26. Rc7 Rxc7 27. Nxc7 Nf5 28. b4 Nd6 29. Bf3 f5 30. Bd5+ Kg7 31. Kf1 Kf6 32. Ke1 Nac8 33. Kd2 Ne7 34. Bg2 h5 35. e3 g5 36. exd4 exd4 37. Na6 g4 38. Nc5 Ng6 {Almasi,Z (2707)-Maze,S (2550) Bastia 2013 1-0}) 9... Qb6 $146 {Diagram } ({Predecessor:} 9... e5 10. a3 h6 11. b4 a6 12. Na4 b6 13. Bb2 Re8 14. Rc1 Bd7 15. Qb3 Rc8 16. Rc2 d4 17. Rcc1 Be6 18. Qd1 Nd5 19. e4 Nde7 20. Nd2 Rb8 21. Ba1 Qd7 22. Qe2 Nxb4 23. Nb2 Na2 24. Rc2 Nc3 25. Qf1 b5 26. f4 Rbc8 27. Rec1 Bg4 28. Nf3 f6 29. Rxc3 Rxc3 30. Rxc3 dxc3 31. Nd1 Bxf3 32. Bxf3 c2 33. Nc3 exf4 34. gxf4 Rc8 35. Qc1 Qd4+ {0-1 (35) Haupt,J (1874)-Susanto,B (1724) Katerini 2014}) 10. Rb1 $4 (10. Qb3) (10. Na4) (10. Bd2 Qxb2 11. Rb1 Qa3 12. Nb5 Qxa2 13. Bc3 d4 14. Nfxd4 Nxd4 15. Bxd4 Rd8 16. Nc7 Rxd4 17. Nxa8 Rd8 18. Nc7) 10... Ng4 {Diagram } 11. Nxd5 $4 (11. Na4 Qxf2+ 12. Kh1 b5 13. Rf1 bxa4) (11. d4 Nxd4 (11... Be6 12. e3) (11... Bxd4 12. Nxd5 (12. Nxd4 Qxd4 13. Qxd4 Nxd4 14. Nxd5 Nc6) 12... Bxf2+ 13. Kh1 Bxe1 14. Nxb6 Nf2+ 15. Kg1 Nxd1 16. Nxa8 Bf5 17. Ra1 Ba5) 12. Nxd5 Nxf3+ 13. exf3 Qxf2+ 14. Kh1) 11... Qxf2+ 12. Kh1 Qc5 13. Rf1 Qxd5 14. h3 Qxa2 15. Bd2 Nf6 16. Bc3 Qe6 17. e4 Nh5 18. Kh2 Qd6 19. e5 Nxe5 20. Bxe5 Bxe5 21. Nxe5 Qxe5 22. Qf3 Qd6 23. Rbe1 Rb8 24. d4 b6 25. Re5 Bb7 26. Qe3 Bxg2 27. Kxg2 Rbe8 28. Rxh5 gxh5 29. Rf5 Qc6+ 30. d5 Qc2+ 31. Rf2 Qg6 32. Rd2 h6 33. Rf2 Qg5 34. Qe4 Rd8 35. Rf5 Qg6 36. Qf3 Rd6 37. Rxh5 Rf6 38. Qe2 Kh7 39. Rh4 Qf5 40. Rd4 Rg8 41. Rd3 Rg7 42. Rd2 a6 43. g4 h5 0-1

[Event "2016 PHCC Championships"]
[Site "St. Clair"]
[Date "2016.03.05"]
[Round "7"]
[White "Morabito, Matthew"]
[Black "Boucher, David"]
[Result "1-0"]
[WhiteElo "1859"]
[BlackElo "1306"]
[Annotator "Gregg,Alan"]
[PlyCount "91"]
[EventDate "2016.03.10"]
[EventType "tourn"]
[EventRounds "9"]

1. Nf3 e6 2. g3 f5 3. Bg2 Nf6 4. d3 Be7 5. c4 O-O 6. Nc3 d6 7. O-O Qe8 8. Re1 ({Relevant:} 8. e4 fxe4 9. dxe4 e5 10. c5 Kh8 11. Bg5 Na6 12. Bxf6 Rxf6 13. Nd5 Rh6 14. cxd6 Bxd6 15. Ne3 Rf6 16. Nf5 Nc5 17. Qc2 Qa4 18. Qxa4 Nxa4 19. b3 Nc3 20. Rfe1 Bxf5 21. exf5 Rxf5 22. Nh4 Rf6 23. Bxb7 Raf8 24. Re3 Nb5 25. Rf1 Nd4 26. Bd5 g5 27. Ng2 c6 28. Be4 Bc5 29. g4 Nb5 30. Bf5 Bxe3 31. Nxe3 Nc3 32. Kg2 Rd8 33. Rc1 Ne2 34. Rc5 Nf4+ 35. Kf3 Nd5 36. Nc4 Re8 37. Ke4 Nc3+ {Edouard,R (2657)-Narciso Dublan,M (2521) Barcelona 2013 ½-½}) 8... Nc6 9. Rb1 $146 ({Predecessor:} 9. e4 e5 10. exf5 Bxf5 11. d4 exd4 12. Nxd4 Nxd4 13. Qxd4 c6 14. Bf4 Qd7 15. Rad1 Rfd8 16. Rd2 Bf8 17. Bg5 Re8 18. Rde2 Rxe2 19. Rxe2 Re8 20. Bxf6 gxf6 21. Qxf6 Rxe2 22. Nxe2 Bg7 23. Qg5 Bd3 24. Nf4 Bxc4 25. Bh3 Qe8 26. Bf5 Qe1+ 27. Kg2 Bf1+ 28. Kf3 Qd1+ 29. Ke3 Qd4+ 30. Kf3 Qd1+ {½-½ (30) Ranfagni,S (2047)-Brugo,M (2152) Robecchetto 2008}) 9... Bd7 10. b4 Rb8 11. b5 Nd8 12. Be3 b6 13. Qb3 Nb7 14. a4 c5 15. bxc6 Bxc6 16. Nd4 Bxg2 17. Kxg2 {Diagram } e5 $4 (17... f4 18. gxf4 Ng4 19. Qb5 Qg6) (17... Nc5 18. Qb5 Ng4) (17... Qc8 18. f3 Na5 19. Qa2 Qd7) 18. Nxf5 Nc5 19. Bxc5 dxc5 20. Qb5 Nd7 21. Nxe7+ Qxe7 22. Ne4 Nf6 23. Qc6 Rbc8 24. Qd6 Qe8 25. Nxf6+ Rxf6 26. Qd5+ Kh8 27. Qe4 Qxa4 28. Ra1 Qd7 29. Qxe5 Re8 (29... Rh6 30. h4 a5) 30. Qd5 Qe7 31. Ra2 Rd6 32. Rxa7 Rxd5 33. Rxe7 Rxe7 34. cxd5 Rd7 35. e4 Kg8 36. f4 Kf7 37. Kf3 b5 38. Rb1 b4 39. Ke3 g6 40. d4 cxd4+ 41. Kxd4 Rb7 42. Rb3 Ke7 43. e5 Kd7 44. g4 Kc7 45. f5 gxf5 46. gxf5 1-0

[Event "2016 PHCC Championships"]
[Site "Port Huron"]
[Date "2016.03.17"]
[Round "1"]
[White "Jones, G. Avery"]
[Black "Wilkinson, Stewart"]
[Result "1-0"]
[WhiteElo "1566"]
[BlackElo "1880"]
[PlyCount "75"]
[EventDate "2016.03.17"]
[EventType "tourn"]
[EventRounds "9"]

1. d4 e6 2. Nf3 d5 3. Bf4 Nf6 4. e3 c5 5. c3 Nc6 6. Bd3 cxd4 7. exd4 Be7 8. O-O O-O 9. Re1 Bd6 10. Ne5 Ne7 11. Nd2 Ng6 12. Bg3 Bxe5 13. dxe5 Nd7 14. Nb3 b6 15. Nd4 a6 16. Qh5 Nc5 17. Bc2 Bd7 18. Re3 Be8 19. b4 Nb7 20. Rf3 a5 21. Rf4 h6 22. Bxg6 fxg6 23. Rxf8+ Kxf8 24. Nxe6+ Kg8 25. Nxd8 gxh5 26. Nxb7 axb4 27. cxb4 g5 28. f3 Bc6 29. Nd6 Ra3 30. h3 d4 31. Nf5 Kh7 32. Nxd4 Bd5 33. e6 Ra8 34. a3 Re8 35. Re1 Kg6 36. Re5 Bc4 37. e7 Kf7 38. Nf5 1-0

[Event "2016 PHCC Championships"]
[Site "Port Huron"]
[Date "2016.03.17"]
[Round "9"]
[White "Gregg, Alan"]
[Black "Heinrich, Chuck"]
[Result "1-0"]
[WhiteElo "1981"]
[BlackElo "619"]
[PlyCount "47"]
[EventDate "2016.03.17"]
[EventType "tourn"]
[EventRounds "9"]

1. e4 e6 2. g3 d5 3. e5 Be7 4. Bg2 c5 5. c3 Nc6 6. f4 Qb6 7. Nf3 Bd7 8. d3 Nh6 9. Qb3 Qxb3 10. axb3 O-O 11. Be3 Nf5 12. Bf2 g6 13. Nbd2 f6 14. exf6 Rxf6 15. O-O Rf7 16. Rfe1 Bf6 17. Bxc5 b6 18. Bxb6 Rff8 19. Bc5 Rfc8 20. d4 Kf7 21. b4 a6 22. Bf1 Nb8 23. b5 Bxd4+ 24. Bxd4 1-0

[Event "2016 PHCC Rated April Quad"]
[Site "Port Huron "]
[Date "2016.04.21"]
[Round "1"]
[White "Morabito, Matthew"]
[Black "Wingrove, William"]
[Result "0-1"]
[WhiteElo "1896"]
[BlackElo "1651"]
[PlyCount "86"]
[EventDate "2016.04.21"]
[EventType "tourn"]
[EventRounds "3"]

1. e4 c5 2. Nf3 d6 3. Bc4 e6 4. a4 Nf6 5. Nc3 Be7 6. O-O O-O 7. d4 cxd4 8. Nxd4 a6 9. Kh1 Qc7 10. Bb3 Nc6 11. f4 Nxd4 12. Qxd4 Rd8 13. f5 e5 14. Nd5 Nxd5 15. Qxd5 Rf8 16. Be3 Qc6 17. Rad1 Bd7 18. Rf3 Rac8 19. c3 Qxd5 20. Bxd5 Bxa4 21. Rdf1 Bc6 22. Bxc6 Rxc6 23. Rg3 Bf6 24. Rgf3 Rc4 25. g4 h6 26. Kg2 Rxe4 27. Kg3 Kh7 28. h4 Rh8 29. g5 hxg5 30. hxg5 Bd8 31. Rd1 Bc7 32. f6 g6 33. Rh1+ Kg8 34. Rxh8+ Kxh8 35. Bd2 Ra4 36. Rd3 Rc4 37. b4 Kg8 38. Be1 Kf8 39. Bd2 Ke8 40. Be3 Kd7 41. Bd2 Ke6 42. Kf3 $4 {Diagram } Rh4 43. Kg3 Rc4 {White resigned after white captured all of his pawns.} 0-1

[Event "2016 PHCC Rated April Quad"]
[Site "Port Huron"]
[Date "2016.04.25"]
[Round "1"]
[White "Wilkinson, Stewart"]
[Black "Rutkofske, Lonnie"]
[Result "1/2-1/2"]
[WhiteElo "1873"]
[BlackElo "1867"]
[PlyCount "62"]
[EventDate "2016.04.21"]
[EventType "tourn"]
[EventRounds "3"]

1. e4 e6 2. d4 d5 3. Nd2 c5 4. exd5 exd5 5. Ngf3 Nf6 6. Bb5+ Bd7 7. Bxd7+ Qxd7 8. O-O Be7 9. dxc5 O-O 10. Nb3 Ne4 11. Be3 Nc6 12. c3 Rfd8 13. Qc2 Rac8 14. Rad1 Qc7 15. Bd4 Qf4 16. Be3 Qc7 17. Qb1 Ne5 18. Nxe5 Qxe5 19. Bd4 Qh5 20. Rd3 g6 21. Qd1 Qf5 22. Qf3 Qxf3 23. Rxf3 Bxc5 24. Bxc5 Nxc5 25. Nxc5 Rxc5 26. Rd3 Re8 27. Rfd1 Re2 28. R3d2 Rxd2 29. Rxd2 f6 30. Kf1 Kf7 31. Ke2 Ke6 1/2-1/2

[Event "2016 PHCC Rated April Quad"]
[Site "Port Huron"]
[Date "2016.04.21"]
[Round "2"]
[White "Morabito, Matthew"]
[Black "Wilkinson, Stewart"]
[Result "1-0"]
[WhiteElo "1896"]
[BlackElo "1873"]
[PlyCount "61"]
[EventDate "2016.04.21"]
[EventType "tourn"]
[EventRounds "3"]

1. Nf3 e6 2. g3 d5 3. Bg2 Nf6 4. O-O Bd6 5. c4 c6 6. cxd5 exd5 7. Nc3 O-O 8. d3 Bf5 9. Bg5 h6 10. Bxf6 Qxf6 11. e4 dxe4 12. Nxe4 Bxe4 13. dxe4 Bc7 14. Re1 Na6 15. e5 Qe7 16. a3 Rfd8 17. Qc2 Bb6 18. b4 Nc7 19. Nh4 Nd5 20. Nf5 Qe6 21. Nd6 Rab8 22. Rad1 Bc7 23. Bxd5 cxd5 24. Qxc7 b6 25. Qc3 f6 26. f4 fxe5 27. fxe5 Rf8 28. Qd4 Rf3 29. Qxd5 Qxd5 30. Rxd5 Rd8 31. e6 1-0

[Event "2016 PHCC Rated April Quad"]
[Site "Port Huron"]
[Date "2016.04.21"]
[Round "2"]
[White "Wingrove, William"]
[Black "Rutkofske, Lonnie"]
[Result "1/2-1/2"]
[WhiteElo "1651"]
[BlackElo "1867"]
[PlyCount "92"]
[EventDate "2016.04.21"]
[EventType "tourn"]
[EventRounds "3"]

1. e4 e6 2. d4 d5 3. Nc3 Bb4 4. e5 c5 5. a3 cxd4 6. axb4 dxc3 7. bxc3 Qc7 8. f4 Nh6 9. Bd2 Nd7 10. Nf3 O-O 11. Bd3 f5 12. O-O Nb6 13. Kh1 Nc4 14. Rb1 Ng4 15. Qe2 Bd7 16. h3 Nxd2 17. Qxd2 Nh6 18. Nd4 Rfe8 19. Rg1 Rac8 20. Ne2 Kh8 21. Rbf1 a6 22. Kh2 Bc6 23. g4 g6 24. g5 Nf7 25. h4 Kg7 26. Rg3 Rh8 27. Rh3 Qb6 28. h5 Rcg8 29. Kg3 Kf8 30. Nd4 Ke7 31. Rfh1 Rc8 32. hxg6 hxg6 33. Rxh8 Rxh8 34. Rxh8 Nxh8 35. Qh2 $1 Nf7 36. Qh7 Bd7 37. Qxg6 Kf8 38. Be2 Bc8 39. Bh5 Qc7 40. Nxe6+ Bxe6 41. Qxe6 Qxc3+ 42. Bf3 Qe1+ 43. Kg2 Qd2+ 44. Kg3 Qe1+ 45. Kg2 Qd2+ 46. Kg3 Qe1+ 1/2-1/2

[Event "2016 PHCC Rated April Quad"]
[Site "Port Huron"]
[Date "2016.04.21"]
[Round "3"]
[White "Rutkofske, Lonnie"]
[Black "Morabito, Matthew"]
[Result "0-1"]
[WhiteElo "1896"]
[BlackElo "1867"]
[PlyCount "52"]
[EventDate "2016.04.21"]
[EventType "tourn"]
[EventRounds "3"]

1. c4 g6 2. g3 Bg7 3. Bg2 Nf6 4. e4 d6 5. Ne2 O-O 6. O-O e5 7. Nbc3 Nc6 8. h3 Nd4 9. d3 c6 10. Bd2 Nh5 11. g4 Nxe2+ 12. Nxe2 Nf4 13. Nxf4 exf4 14. Bxf4 Bxb2 15. Rb1 Bd4 16. Kh2 Qh4 17. Bg3 Qe7 18. f4 f5 19. gxf5 gxf5 20. Qh5 Kh8 21. Bh4 Qg7 22. Rf3 fxe4 23. Rg3 Qf7 24. Qxf7 Rxf7 25. Bxe4 Rxf4 26. Kh1 Rxh4 0-1

[Event "2016 PHCC Rated April Quad"]
[Site "Port Huron"]
[Date "2016.04.21"]
[Round "3"]
[White "Wilkinson, Stewart"]
[Black "Wingrove, William"]
[Result "1-0"]
[WhiteElo "1873"]
[BlackElo "1651"]
[PlyCount "85"]
[EventDate "2016.04.21"]
[EventType "tourn"]
[EventRounds "3"]

1. e4 c5 2. Nf3 d6 3. Bb5+ Bd7 4. Bxd7+ Qxd7 5. c4 Nc6 6. O-O g6 7. d4 cxd4 8. Nxd4 Bg7 9. Be3 Nf6 10. Nc3 O-O 11. h3 a6 12. Nde2 Rac8 13. f3 Qc7 14. b3 Qb8 15. Rc1 Rfd8 16. Qd2 b5 17. Nd5 Nxd5 18. cxd5 Ne5 19. Nd4 Rxc1 20. Rxc1 Rc8 21. Rxc8+ Qxc8 22. f4 Nd7 23. Nc6 Kf8 24. Bd4 Nf6 25. Qc3 Qd7 26. Nb4 Qb7 27. Qc6 Qxc6 28. dxc6 Ke8 29. Nxa6 Bh6 30. Bxf6 exf6 31. g3 Bf8 32. Nc7+ Kd8 33. Nxb5 Be7 34. a4 Kc8 35. Kg2 f5 36. exf5 d5 37. fxg6 fxg6 38. Kf3 Bd8 39. g4 Bb6 40. f5 Bd8 41. c7 Bf6 42. a5 Be5 43. a6 1-0

[Event "2016 PHCC-USCF Rated July Quad"]
[Site "Port Huron"]
[Date "2016.07.07"]
[Round "?"]
[White "Rutkofske, Lonnie"]
[Black "Jones, G. Avery"]
[Result "1-0"]
[WhiteElo "1820"]
[BlackElo "1679"]
[PlyCount "105"]
[EventDate "2016.07.07"]
[EventType "tourn"]
[EventRounds "4"]

1. c4 c6 2. Nf3 Nf6 3. b3 g6 4. Bb2 Bg7 5. d3 O-O 6. e3 d5 7. cxd5 cxd5 8. Be2 Nc6 9. O-O Bg4 10. Nd4 Bxe2 11. Nxe2 e5 12. a3 Rc8 13. Ra2 Re8 14. b4 Ng4 15. h3 Nf6 16. Nd2 Qb6 17. Qa4 a6 18. Nb3 Nd7 19. d4 Qd8 20. Nc5 Nxc5 21. dxc5 d4 22. e4 Qh4 23. Qc2 Red8 24. Qd3 Qe7 25. Bc1 Qe6 26. Rd2 Rd7 27. Rdd1 Rcd8 28. Bd2 Na7 29. f4 Nb5 30. a4 Nc3 31. Nxc3 dxc3 32. Qxc3 exf4 33. Qc2 Rd4 34. Bxf4 Rxd1 35. Rxd1 Rxd1+ 36. Qxd1 h5 37. Qd5 Qc8 38. b5 axb5 39. axb5 Qa8 40. c6 bxc6 41. bxc6 Qa1+ 42. Kh2 Bd4 43. h4 Qg1+ 44. Kh3 Bf2 45. Bh2 Qe1 46. Qd3 Qc1 47. c7 Kh7 48. Qf3 Bd4 49. Qxf7+ Bg7 50. Qf3 Qc6 51. Bf4 Qd7+ 52. Kh2 Qc8 53. Qh3 1-0

[Event "2016 PHCC-USCF Rated July Quad "]
[Site "Port Huron"]
[Date "2016.07.07"]
[Round "1"]
[White "Morabito, Matthew"]
[Black "Bedy, Noel"]
[Result "1-0"]
[WhiteElo "1864"]
[BlackElo "1553"]
[PlyCount "59"]
[EventDate "2016.07.07"]
[EventType "tourn"]
[EventRounds "4"]

1. Nf3 d5 2. g3 c6 3. Bg2 Nf6 4. b3 Bg4 5. Bb2 e6 6. d3 Be7 7. Nbd2 Nbd7 8. O-O O-O 9. c4 Qc7 10. h3 Bxf3 11. Nxf3 Rad8 12. Qc2 Bd6 13. cxd5 exd5 14. Rac1 Ne5 15. Nd4 Qd7 16. Qd2 c5 17. Nf3 Nxf3+ 18. exf3 Be7 19. Bxf6 Bxf6 20. Rxc5 Qd6 21. Rc2 Rc8 22. Rfc1 Qd7 23. f4 Rxc2 24. Qxc2 Qb5 25. Qc5 Qxd3 26. Qxd5 Qa6 27. Qxb7 Qxa2 28. Rc8 g6 29. Rxf8+ Kxf8 30. Bd5 1-0

[Event "2016 PHCC-USCF Rated July Quad "]
[Site "Marysville"]
[Date "2016.07.13"]
[Round "2"]
[White "Bedy, Noel"]
[Black "Rutkofske, Lonnie"]
[Result "0-1"]
[WhiteElo "1553"]
[BlackElo "1820"]
[PlyCount "64"]
[EventDate "2016.07.13"]
[EventType "tourn"]
[EventRounds "3"]

1. e4 d6 2. d4 g6 3. Nc3 a6 4. Nf3 Bg7 5. Be2 b5 6. h3 Bb7 7. Bd3 Nd7 8. O-O h6 9. Re1 e6 10. a3 Ne7 11. b4 c5 12. Bf1 cxd4 13. Nxd4 O-O 14. f3 d5 15. exd5 Nxd5 16. Nxd5 Bxd5 17. c3 Nb6 18. Bd2 Rc8 19. Rb1 Na4 20. Re3 Qb6 21. Kh1 Rfd8 22. Rc1 Nb2 23. Qe1 Bc4 24. Rb1 Na4 25. Bxc4 Rxc4 26. Ne2 Qc7 27. Re4 Rxe4 28. fxe4 Qc4 29. Ng1 Bxc3 30. Bxc3 Qxc3 31. Qxc3 Nxc3 32. e5 Nxb1 0-1

[Event "2016 PHCC-USCF Rated July Quad  "]
[Site "Port Huron"]
[Date "2016.07.14"]
[Round "2"]
[White "Jones, G. Avery"]
[Black "Morabito, Matthew"]
[Result "0-1"]
[WhiteElo "1679"]
[BlackElo "1864"]
[PlyCount "104"]
[EventDate "2016.07.14"]
[EventType "tourn"]
[EventRounds "4"]

1. d4 Nf6 2. Nc3 g6 3. Nf3 Bg7 4. e4 d6 5. Bd3 O-O 6. O-O Bg4 7. h3 Bxf3 8. Qxf3 Nc6 9. Be3 Nd7 10. Ne2 Nb4 11. a3 Nxd3 12. cxd3 c5 13. Nc3 cxd4 14. Nd5 dxe3 15. fxe3 e6 16. Nc3 Rc8 17. Rac1 Bxc3 18. bxc3 Qa5 19. c4 b5 20. cxb5 Rxc1 21. Rxc1 Ne5 22. Qd1 Qxb5 23. d4 Nc4 24. Qd3 d5 25. Rb1 Qa5 26. exd5 exd5 27. e4 Qd2 28. Qb3 Qxd4+ 29. Kh1 Qxe4 30. Rd1 Re8 31. Qb5 Ne3 32. Rd2 d4 33. Qd7 Nf1 34. Rxd4 Ng3+ 35. Kh2 Qe5 36. Rd5 Nf1+ 37. Kg1 Qe3+ 38. Kh1 Ng3+ 39. Kh2 Nf5 40. Rd1 Qg3+ 41. Kh1 Re1+ 42. Rxe1 Qxe1+ 43. Kh2 Qg3+ 44. Kg1 Qxa3 45. Qe8+ Qf8 46. Qa4 Qc5+ 47. Kh2 a5 48. Qe8+ Kg7 49. Qa4 Qe5+ 50. Kh1 h5 51. Kg1 Qd4+ 52. Qxd4+ Nxd4 0-1

[Event "2016 PHCC-USCF Rated July Quad "]
[Site "Port Huron"]
[Date "2016.07.20"]
[Round "3"]
[White "Rutkofske, Lonnie"]
[Black "Morabito, Matthew"]
[Result "1-0"]
[WhiteElo "1820"]
[BlackElo "1864"]
[PlyCount "61"]
[EventDate "2016.07.21"]
[EventType "tourn"]
[EventRounds "3"]

1. c4 Nf6 2. g3 g6 3. Bg2 Bg7 4. Nc3 O-O 5. e4 d6 6. h3 c5 7. d3 Nc6 8. Nge2 e5 9. O-O Be6 10. f4 Qd7 11. Kh2 Nh5 12. Nd5 exf4 13. gxf4 Bxd5 14. cxd5 Nd4 15. Rb1 f5 16. Be3 Nxe2 17. Qxe2 Rae8 18. Qd2 fxe4 19. dxe4 Nf6 20. e5 dxe5 21. Bxc5 exf4 22. Bxf8 Bxf8 23. Kh1 Bd6 24. Rbe1 Rxe1 25. Qxe1 Nh5 26. Rf3 Ng3+ 27. Kh2 Nf5 28. Qe6+ Qxe6 29. dxe6 Nh4 30. Rd3 f3+ 31. Rxd6 1-0

[Event "2016 PHCC-USCF Rated July Quad "]
[Site "Port Huron"]
[Date "2016.07.21"]
[Round "3"]
[White "Bedy, Noel"]
[Black "Jones, G. Avery"]
[Result "0-1"]
[WhiteElo "1553"]
[BlackElo "1679"]
[PlyCount "60"]
[EventDate "2016.07.21"]
[EventType "tourn"]
[EventRounds "3"]

1. e4 c6 2. Bc4 d5 3. Bb3 Be6 4. e5 g6 5. Nf3 Bg7 6. d4 Nh6 7. O-O O-O 8. c3 Qc7 9. Bg5 f6 10. Bf4 fxe5 11. Bxe5 Bxe5 12. Nxe5 Nd7 13. Nf3 Bg4 14. Nbd2 e5 15. h3 Bxf3 16. Nxf3 e4 17. Nd2 Kg7 18. c4 Qd6 19. cxd5 cxd5 20. Rc1 Nb6 21. Qe2 Nf5 22. Nxe4 dxe4 23. Qxe4 Rae8 24. Qd3 Re7 25. d5 h5 26. a4 Rfe8 27. Qc3+ Kh7 28. Rfd1 Rc8 29. Qf3 Rxc1 30. Rxc1 Nd4 0-1

[Event "2016 Michigan Open"]
[Site "Livonia"]
[Date "2016.09.03"]
[Round "1"]
[White "Jones, G. Avery"]
[Black "Lee, Joshua"]
[Result "1-0"]
[WhiteElo "1670"]
[BlackElo "1487"]
[PlyCount "122"]
[EventDate "2016.09.03"]
[EventType "swiss"]
[EventRounds "7"]

1. d4 d5 2. Nf3 c5 3. g3 Nc6 4. Bg2 Nf6 5. O-O Bg4 6. c3 e6 7. Nbd2 Bd6 8. dxc5 Bxc5 9. Nb3 Bb6 {I expected Bd6 and saw the move giving me a little advantage.} 10. Bg5 Qc7 11. Nfd4 h6 12. Be3 {I did not take the knight because I have this fear of opening up files for rooks in front of my king.} O-O 13. Nb5 Qd8 14. Bxb6 Qxb6 15. N5d4 Rad8 16. Qc2 Nxd4 17. Nxd4 e5 18. Nb3 Rfe8 19. e3 Bh5 20. Rfe1 Bg6 21. Qd1 Ne4 22. Qe2 Rd6 23. Rad1 Rf6 24. f3 Ng5 25. h4 Ne6 26. Rxd5 Bf5 27. Rxe5 Qd6 28. Qb5 Nc7 29. Rxe8+ Nxe8 30. Qxe8+ Kh7 31. Kh2 Rg6 32. f4 Qf6 33. Qe5 Qxe5 34. fxe5 Re6 35. Nd4 Rxe5 36. Nxf5 Rxf5 37. Be4 g6 38. Bxf5 gxf5 39. Rd1 Kg6 40. Rd7 Kf6 41. Rxb7 Ke5 42. Rxf7 Ke4 43. Kg2 Kxe3 44. Rxa7 f4 45. gxf4 Kxf4 46. b4 h5 47. Kh3 Ke5 48. b5 Kd6 49. a4 Kc5 50. Rb7 Kc4 51. a5 Kxc3 52. a6 Kc4 53. a7 Kb3 54. a8=Q Kb4 55. Ra7 Kc4 56. Ra4+ Kb3 57. Qe4 Kc3 58. Qe3+ Kb2 59. Ra3 Kc2 60. Qe2+ Kb1 61. Ra2 Kc1 1-0

[Event "2016 Michigan Open"]
[Site "Livonia"]
[Date "2016.09.03"]
[Round "2"]
[White "GE, Jade"]
[Black "Jones, G. Avery"]
[Result "0-1"]
[WhiteElo "1500"]
[BlackElo "1670"]
[PlyCount "72"]
[EventDate "2016.09.03"]
[EventType "swiss"]
[EventRounds "7"]

1. e4 c6 2. d4 d5 3. Nc3 dxe4 4. Nxe4 Bf5 5. Ng3 Bg6 6. Nf3 Nf6 7. Bf4 Nbd7 8. Bc4 e6 9. O-O Be7 10. Nh4 Nd5 11. Nxg6 hxg6 12. Bxd5 cxd5 13. b3 Bf6 14. c4 dxc4 15. bxc4 Kf8 16. Ne4 Rc8 17. Nxf6 Nxf6 18. c5 Nd5 19. Bd6+ Kg8 20. Qa4 a6 21. Qa3 Rc6 22. Rab1 b5 23. Qb3 Qh4 24. Rbd1 Rxd6 25. Qg3 Qxg3 26. fxg3 Rc6 27. Rf3 Rh5 28. g4 Rh8 29. Rdf1 f6 30. Rb1 g5 31. h3 Nf4 32. Re1 Kf7 33. Rfe3 Rd8 34. Re4 b4 35. R1e3 a5 36. Rb3 Rxd4 0-1

[Event "2016 Michigan Open"]
[Site "Livonia"]
[Date "2016.09.04"]
[Round "3"]
[White "Jones, G. Avery"]
[Black "Li, Eric"]
[Result "0-1"]
[WhiteElo "1670"]
[BlackElo "1507"]
[PlyCount "116"]
[EventDate "2016.09.04"]
[EventType "swiss"]
[EventRounds "7"]

1. d4 Nf6 2. Nf3 g6 3. Bg5 Bg7 4. e3 O-O 5. Bd3 d5 6. O-O c5 7. c3 Nc6 8. Nbd2 Re8 9. h3 e5 10. dxe5 Nxe5 11. Nxe5 Rxe5 12. Nf3 Re8 13. Nh2 h6 14. Bh4 g5 15. Bg3 Ne4 16. Ng4 f5 17. Bxe4 {Upon review f3 looks like it would have been better, if rook takes e3 then Bishop to f2 which regains pawn after moving Knight.} Rxe4 18. Nh2 b6 19. Re1 Bb7 20. Qc2 Qf6 21. Rad1 Rae8 22. Nf1 R4e6 {Diagram } 23. Bh2 f4 24. Qd2 Qe7 25. Kh1 d4 26. Bg1 Ba6 27. cxd4 cxd4 28. a3 Bxf1 29. Rxf1 dxe3 30. fxe3 fxe3 31. Qe2 Bxb2 32. Rf3 Bxa3 33. Rd3 Bc5 34. Rf1 a5 35. Re1 a4 36. Qa2 Qh7 37. Qc4 Qe4 38. Qb5 Qb4 39. Qxb4 Bxb4 40. Rexe3 Rxe3 41. Bxe3 Re6 42. Rd8+ Kf7 43. Rd7+ Kg6 44. Bd4 a3 45. g4 Re7 46. Rd8 Bc5 47. Rg8+ Kf7 48. Rg7+ Ke6 49. Rg6+ Kd5 50. Bc3 Re3 51. Bg7 Bd4 52. Bxd4 Kxd4 53. Rxb6 a2 54. Rd6+ Kc3 55. Rd1 Kc2 56. Ra1 Kb2 57. Rf1 a1=Q 58. Rxa1 Kxa1 {I believe I could have won this game!} 0-1